000 00500nam a22001697a 4500
003 OSt
005 20251113124952.0
008 251113b |||||||| |||| 00| 0 eng d
010 _a2001003002
020 _a0766018423
040 _cENSLOW PUBLISHERS ,INC
050 _aF 234 .J3 .E38 2002
_b.E38 2002
245 _aJAMESTOWN, JOHN SMITH AND POCAHONTAS IN AMERICAN HISTORY/
_cEDWARDS, JUDITH
250 _a1ST EDITION
260 _aUNITED KINGDOM:
_bENSLOW PUBLISHERS ,INC,
_c2002
942 _2lcc
_cBK
_n0
999 _c9793
_d9793